000 00493nam a2200193 a 4500
001 45386
005 20180714024551.0
008 140415s1983 000 0 spa d
020 _a0256028656
041 _aspa
082 _a302
_bWOR
100 1 _aWARCHEL, STEPHEN
245 1 0 _aUNDERSTANDING SOCIAL PSYCHOLOGY
250 _a3a ed.
260 _a[s.l.] :
_bTHE DORSEY PRESS,
_c1983
300 _a593
650 1 4 _aPSICOLOGIA SOCIAL
700 1 _aCOOPER, JOEL
_ecoaut.
999 _c45386
_d45386